| 000 | 01218cam a22003497a 4500 | ||
|---|---|---|---|
| 003 | CHAP | ||
| 005 | 20220817041944.0 | ||
| 008 | 971013s1981 r 00010 d | ||
| 010 | _a29923 | ||
| 011 | _a30895 | ||
| 035 | _a35007 | ||
| 040 | _cCHAP | ||
| 082 |
_a378 _bM35 |
||
| 100 | 0 | 0 |
_aMalo, Salvador. _970183 |
| 245 | 1 | 3 | _aEl egresado de posgrado de la UNAM |
| 260 |
_aMéxico, D.F. : _bUniversidad Nacional Autónoma de México. Consejo de Posgrado, _c1981 |
||
| 300 | _a256 p | ||
| 590 |
_aBATCH-UPD _b10 _c20130110 _lUCH01 _h1629 |
||
| 590 |
_aBATCH-UPD _b10 _c20130410 _lUCH01 _h1022 |
||
| 590 |
_aBATCH-UPD _b10 _c20130914 _lUCH01 _h1245 |
||
| 590 |
_aCONVERSION _b10 _c20130109 _lUCH01 _h1317 |
||
| 650 | 1 | 4 | _aEducación superior. |
| 650 | 1 | 4 |
_aProfesionistas. _992240 |
| 700 | 0 |
_aGarst, Jonathan. _946991 |
|
| 700 | 0 |
_aGarza, Graciela. _947177 |
|
| 901 | _aBK | ||
| 942 | _cLIBRO | ||
| 949 |
_a378 M35 _bBC _cLIBRO _d33724000439634 _eLIBRO _h58365 _i35007 _mD _si |
||
| 949 |
_a378 M35 _bBC _cLIBRO _d33724000439642 _eLIBRO _fc.3 _h59568 _i35007 _mD _si |
||
| 949 |
_a378 M35 _bBC _cLIBRO _d33724000439667 _eLIBRO _fc.4 _h59569 _i35007 _mD _si |
||
| 949 |
_a378 M35 _bBC _cLIBRO _d33724000439683 _eLIBRO _fc.2 _h58366 _i35007 _mD _si |
||
| 999 |
_c29923 _d29923 |
||